000 005590000a22002050004500
999 _c47332
_d47332
001 74
003 CO-MdFUSB
005 20170928144356.0
008 170928b xxu||||| |||| 00| 0 eng d
020 _a0-311-38596-6
040 _cCO-MdBIC
082 0 4 _a868HC R618co
100 1 _aRodriguez, Orlando A
245 1 0 _aValores morales y buenos habitos la paciencia / Orlando A. Rodriguez, dibujante : Mario Hugo Rangel
260 _aTexas : Mundo Hispano
300 _a32 P.
505 0 0 _aMoral cristiana
650 1 4 _aLiteratura Infantil
942 _cLGB